| 000 | 00503nam a2200169Ia 4500 | ||
|---|---|---|---|
| 003 | OSt | ||
| 005 | 20200124161353.0 | ||
| 008 | 190216s9999||||xx |||||||||||||| ||und|| | ||
| 020 | _a9788184841268 | ||
| 040 | _coclc | ||
| 082 |
_a332.742095482 _bPAR/B |
||
| 100 |
_aParamasivan, C _91056 |
||
| 245 | 0 |
_aBank Finance To SSI / _cS Paramasivan |
|
| 260 |
_bRegal Publications, _c2012. _aNew Delhi: |
||
| 300 | _a212p | ||
| 942 |
_cBK _2ddc _h332.742095482 _iPAR/B _k332.742095482 _mPAR/B |
||
| 999 |
_c11407 _d11407 |
||